| 000 | nam a22 7a 4500 | ||
|---|---|---|---|
| 999 |
_c4853 _d4853 |
||
| 003 | AKMAL | ||
| 005 | 20200911112848.0 | ||
| 008 | 200909s2015 my g 000 0dmay d | ||
| 020 |
_a9789670869919 _qpaperback _cRM37.00 |
||
| 082 | 0 | 4 |
_a158.1 MUH _223 |
| 090 | 0 | 0 |
_a158.1 _bMUH |
| 100 | 0 |
_aMuhaya Hj. Mohamad, _cDatuk, Prof., Dr., _d1958- _eauthor. _99213 |
|
| 245 | 1 | 0 |
_aHUBUNGAN KETUA & PEKERJA : _bBagaimana Membahagiakannya? / _cDr. Muhaya Mohamad |
| 264 | 1 |
_aKuala Lumpur : _bInstitut Terjemahan & Buku Malaysia, _c2015 |
|
| 300 |
_axi, 233 pages ; _c24 cm |
||
| 650 | 1 | 0 |
_aMotivation (Psychology) _9559 |
| 650 | 2 | 0 |
_aSelf-actualization (Psychology) _91127 |
| 650 | 2 | 0 |
_aOrganizational behavior _9565 |
| 650 | 2 | 0 |
_aCommunications in organizations _99214 |
| 942 |
_2ddc _cBOOK |
||